| 000 | 00628nam a2200193 4500 | ||
|---|---|---|---|
| 001 | 140091 | ||
| 003 | ES-MaACL | ||
| 005 | 20230906200012.0 | ||
| 007 | t| | ||
| 008 | 070214s1912 fr r ||||1| fre d | ||
| 100 | 1 |
_aSéché, Léon. _9105037 |
|
| 245 | 1 | 3 |
_aLe cénacle de Joseph Delorme _b: (1827-1839) / _cLéon Séché. |
| 260 |
_aParis : _bMercure de France, _c1912. |
||
| 300 |
_a2 v. ; _c19 x 12 cm. |
||
| 500 | _aContiene : I . Victor Hugo et les poètes ----- II . Victor Hugo et les artistes. | ||
| 740 | 0 | _aVictor Hugo et les poètes. | |
| 740 | 0 | _aVictor Hugo et les artistes. | |
| 852 |
_aES-MaACL _jF-8824-25 |
||
| 999 |
_c140091 _d140091 |
||